Konzert für Violoncell G moll Ausg. fur Violoncell mit Klavierbegl. /
| Main Author: | Monn, Georg Matthias, 1717-1750 |
|---|---|
| Other Authors: | Schönberg, Arnold, 1874-1951 |
| Language: | No linguistic content |
| Published: |
Wien : Universal-Edition, 1913 |
| Series: |
Universal-Edition
|
| Physical Description: |
8, 25 s. |
| LEADER | 00898ncm a22002412a 4500 | ||
|---|---|---|---|
| 001 | 001110338 | ||
| 003 | CZ BrMZK | ||
| 005 | 20110527092342.0 | ||
| 007 | qu | ||
| 008 | 000105s1913 au f zxx d | ||
| 040 | |a BOA001 |b cze | ||
| 072 | 7 | |a 787 |x Hudba pro strunné a smyčcové nástroje |2 Konspekt |9 9 | |
| 100 | 1 | |a Monn, Georg Matthias, |d 1717-1750 |7 jn20000604064 |4 cmp | |
| 245 | 1 | 0 | |a Konzert für Violoncell G moll |h [hudebnina] : |b Ausg. fur Violoncell mit Klavierbegl. / |c Mathias Georg Monn ; von Arnold Schönberg |
| 260 | |a Wien : |b Universal-Edition, |c 1913 | ||
| 300 | |a 8, 25 s. | ||
| 490 | 1 | |a Universal-Edition ; |v Nr. 5351 | |
| 700 | 1 | |a Schönberg, Arnold, |d 1874-1951 |7 jn20000402196 |4 edt | |
| 830 | 0 | |a Universal-Edition | |
| 910 | |a BOA001 |b Mus4-0248.519 | ||
| 990 | |a MU | ||
| 991 | |b 201008 | ||
| 996 | 6 | |b 2619499301 |c Mus4-0248.519 |l MZK |r Sklad / do 1 hodiny |n 0 |w 001137691 |u 000010 |a 1 |e BOA001 |j MZK50 |s P | |
English
Čeština 